A Dictionary of finance and banking. (Record no. 1722)
[ view plain ]
| 000 -LEADER | |
|---|---|
| fixed length control field | 00608nam a22002052 4500 |
| 001 - CONTROL NUMBER | |
| control field | 0000018563 |
| 005 - DATE AND TIME OF LATEST TRANSACTION | |
| control field | 20151021153051.0 |
| 008 - FIXED-LENGTH DATA ELEMENTS--GENERAL INFORMATION | |
| fixed length control field | 100210s xx 000 0 eng d |
| 020 ## - INTERNATIONAL STANDARD BOOK NUMBER | |
| International Standard Book Number | 0199229741 : |
| 040 ## - CATALOGING SOURCE | |
| Original cataloging agency | KABU |
| Transcribing agency | KABU |
| 245 12 - TITLE STATEMENT | |
| Title | A Dictionary of finance and banking. |
| 250 ## - EDITION STATEMENT | |
| Edition statement | 4th ed. |
| 260 ## - PUBLICATION, DISTRIBUTION, ETC. (IMPRINT) | |
| Place of publication, distribution, etc. | Oxford : |
| Name of publisher, distributor, etc. | O. U. P., |
| Date of publication, distribution, etc. | 2008. |
| 300 ## - PHYSICAL DESCRIPTION | |
| Extent | viii, 472 p. |
| 650 #0 - SUBJECT ADDED ENTRY--TOPICAL TERM | |
| Topical term or geographic name as entry element | Finance |
| Form subdivision | Dictionaries. |
| -- | 0000151840 |
| 650 #0 - SUBJECT ADDED ENTRY--TOPICAL TERM | |
| Topical term or geographic name as entry element | Banks and banking |
| Form subdivision | Dictionaries. |
| -- | 0000152418 |
| 852 1# - LOCATION | |
| -- | p1710 KES |
| 908 ## - PUT COMMAND PARAMETER (RLIN) | |
| Put command parameter | 100210 |
| 950 ## - LOCAL HOLDINGS (RLIN) | |
| -- | 1 |
| Withdrawn status | Lost status | Source of classification or shelving scheme | Not for loan | Home library | Current library | Date acquired | Total Checkouts | Full call number | Barcode | Date last seen | Copy number | Price effective from | Koha item type |
|---|---|---|---|---|---|---|---|---|---|---|---|---|---|
| Library of Congress Classification | Not For Loan | Kabarak, Main Campus | Kabarak, Main Campus | 21/10/2015 | HG151 .D53 2008 5. 1 | 20296 | 19/04/2017 | c. 5 | 21/10/2015 | Reference | |||
| Library of Congress Classification | Not For Loan | Kabarak, Main Campus | Kabarak, Main Campus | 17/12/2015 | HG151 .D53 2008 c. 1 | 18559 | 17/12/2015 | 17/12/2015 | Reference | ||||
| Library of Congress Classification | Not For Loan | Kabarak, Main Campus | Kabarak, Main Campus | 17/12/2015 | HG151 .D53 2008 c. 2 | 18668 | 17/12/2015 | 17/12/2015 | Reference | ||||
| Library of Congress Classification | Not For Loan | Kabarak, Main Campus | Kabarak, Main Campus | 17/12/2015 | HG151 .D53 2008 c. 3 | 18669 | 14/11/2017 | 17/12/2015 | Reference | ||||
| Library of Congress Classification | Not For Loan | Kabarak, Main Campus | Kabarak, Main Campus | 17/12/2015 | HG151 .D53 2008 c. 4 | 21319 | 17/12/2015 | 17/12/2015 | Reference |